000 00943nam a2200241 i 4500
001 129516
003 ES-MaACL
005 20250731174913.0
007 t|
008 070625s1913 sp ||||1| spa d
080 _a811.411.21'282(64 Larache)
080 _a811.411.21(076)
245 0 0 _aTextos árabes en dialecto vulgar de Larache /
_cpublicados con transcripción, traducción y glosario por Maximiliano Alarcón y Santón.
260 _aMadrid :
_bJunta para Ampliación de Estudios e Investigaciones Científicas, Centro de Estudios Históricos,
_c1913 (
_fImp. Ibérica)
300 _aXVI, 192 p. ;
_c22 cm.
546 _aTexto en árabe y español.
650 0 4 _aLengua árabe-
_vLecturas.
_914094
650 4 _aLengua árabe-
_zLarache.
_9148718
700 1 _aAlarcón, Maximiliano,
_d1880-1933
_919144
710 2 _aCentro de Estudios Históricos (1910-1939)
_92638
852 _aES-MaACL
_jF-6543
999 _c129516
_d129516